The Easy Ireland Quiz - Statistics

General Stats
  • This quiz has been taken 65 times
  • The average score is 12 of 23
Answer Stats
Hint Answer % Correct
English
98%
Official languages Irish
93%
Majority religion Roman Catholicism
93%
Most populous city Dublin
92%
Currency Euro
88%
Patron saints St. Patrick
88%
Largest county Cork
73%
Republican paramilitary organisation Irish Republican Army
71%
Tragic event, 1845-49 The Great Famine
69%
Northernmost province Ulster
63%
Number of counties on the island 32
53%
Hello in Irish Dia duit
42%
Most common surname Murphy
39%
St. Brigid
36%
Seat of the Northern Ireland Assembly Stormont
34%
Policy during WW2 Neutrality
31%
National anthem Amhran na bhFiann
29%
Largest island Achill Island
25%
First Taoiseach Eamon de Valera
25%
Tallest mountain Carrauntoohil
22%
Leader of 1798 Irish rebellion Wolfe Tone
22%
Seat of the Oireachtas, the parliament of Ireland Leinster House
12%
St. Colmcille
8%
No matching quizzes found
Score Distribution
Percent of People with Each Score
Percentile by Number Answered
Your Score History
You have not taken this quiz